000 00497nam a2200181Ia 4500
005 20250508162721.0
008 008 250505s9999 xx 000 0 hin d
037 _aTextual
040 _aFEDL
_beng
_cFEDL
041 _ahin
_2eng
084 _aB, BHA
_qFEDL
100 _aSetth Ravindra Kumar
_9772436
245 0 _aSubrhamanye bharati
260 _aNew Delhi, India
_bSuchna aur Prasaran Mantralaya
_c1910
300 _a128p
942 _cTEXL
_hB, BHA
999 _c1378266
_d1378266